| 000 | 00691nam a2200277 a 4500 | ||
|---|---|---|---|
| 003 | AR-BaBNM | ||
| 005 | 20251128203009.0 | ||
| 008 | 082120s2002 ||||||||||||||000 | spa|| | ||
| 040 | _cAR-BaBNM | ||
| 100 | 1 | _aGaro, Francisco J. | |
| 245 | 0 | 0 |
_aSociedades anónimas _n1 |
| 260 |
_aBuenos Aires _bEdiar _c1954 |
||
| 300 | _a406 p. | ||
| 500 | _aIndice general p. 399-406 | ||
| 504 | _aBibliografía a pie de página | ||
| 650 | 4 | _aDERECHO COMERCIAL | |
| 650 | 4 | _aSOCIEDADES | |
| 650 | 4 | _aHISTORIA | |
| 650 | 4 | _aDERECHO DE SOCIEDADES | |
| 650 | 4 | _aCAPITAL | |
| 650 | 4 | _aACCIONES | |
| 650 | 4 | _aLEGISLACION | |
| 650 | 4 | _aLEGISLACION ARGENTINA | |
| 942 | _cBK | ||
| 998 | _cAndrea | ||
| 999 |
_c1435 _d1435 |
||